000 01242nam a2200313 a 4500
001 ebr10442983
003 CaPaEBR
006 m u
007 cr cn|||||||||
008 110223s2009 enka s 001 0 eng d
020 _z9781847194909
020 _z9781847194916 (e-book)
040 _aCaPaEBR
_cCaPaEBR
035 _a(OCoLC)418783679
050 1 4 _aTK5105.888
_b.J64 2009eb
100 1 _aJohn, Antano Solar.
245 1 0 _aMODx web development
_h[electronic resource] :
_bbuilding dynamic web sites with the PHP application framework and CMS /
_cAntano Solar John.
260 _aBirmingham, U.K. :
_bPackt Pub.,
_c2009.
300 _avii, 257 p. :
_bill. (some col.)
500 _aIncludes index.
533 _aElectronic reproduction.
_bPalo Alto, Calif. :
_cebrary,
_d2011.
_nAvailable via World Wide Web.
_nAccess may be limited to ebrary affiliated libraries.
630 0 0 _aCMS (Computer file)
650 0 _aWeb sites
_xDesign.
650 0 _aWeb site development.
650 0 _aPHP (Computer program language)
655 7 _aElectronic books.
_2local
710 2 _aebrary, Inc.
856 4 0 _uhttp://site.ebrary.com/lib/rucke/Doc?id=10442983
_zAn electronic book accessible through the World Wide Web; click to view
999 _c135590
_d135590